Ethnic Origins in Canada - Statistics

General Stats
  • This quiz has been taken 558 times
    551 since last reset
  • The average score is 15 of 20
Answer Stats
Hint Answer % Correct
6,509,500 English
95%
5,077,215 French
95%
1,487,580 Chinese
93%
1,488,420 Italian
90%
1,165,145 East Indian
89%
3,203,325 German
89%
4,544,865 Irish
89%
368,305 Spanish
87%
550,515 Russian
85%
1,010,700 Polish
80%
4,714,965 Scottish
80%
1,067,245 Dutch
72%
341,845 Swedish
70%
429,850 Portuguese
66%
458,705 Welsh
66%
1,251,170 Ukrainian
63%
372,575 American
59%
452,710 Norwegian
55%
662,505 Filipino
47%
1,836,035 Aboriginal
25%
No matching quizzes found
Score Distribution
Percent of People with Each Score
Percentile by Number Answered
Your Score History
You have not taken this quiz since the last reset